Ruža královná kvetín / (Record no. 20248)
[ view plain ]
| 000 -LEADER | |
|---|---|
| fixed length control field | 00800nam a22002411 4500 |
| 001 - CONTROL NUMBER | |
| control field | 20248 |
| 003 - CONTROL NUMBER IDENTIFIER | |
| control field | CZ PrNK |
| 005 - DATE AND TIME OF LATEST TRANSACTION | |
| control field | 20260120110529.0 |
| 008 - FIXED-LENGTH DATA ELEMENTS--GENERAL INFORMATION | |
| fixed length control field | 011211s1977 xo slo |
| 040 ## - CATALOGING SOURCE | |
| Original cataloging agency | ABA001 |
| Language of cataloging | cze |
| Transcribing agency | ABA001 |
| Modifying agency | ABA001 |
| 041 1# - LANGUAGE CODE | |
| Language code of text/sound track or separate title | slo |
| Language code of original | cze |
| 100 1# - MAIN ENTRY--PERSONAL NAME | |
| Personal name | Havlů, Jaroslav |
| Relationship | aut |
| 245 10 - TITLE STATEMENT | |
| Title | Ruža královná kvetín / |
| Statement of responsibility, etc. | Autori: Jaroslav Havlů, Bohumil Jaša, Josef Klimeš ; Z č. orig. prel. Eva Braunová ; Il. Ada Jakabová |
| 260 ## - PUBLICATION, DISTRIBUTION, ETC. | |
| Place of publication, distribution, etc. | Bratislava : |
| Name of publisher, distributor, etc. | Príroda, |
| Date of publication, distribution, etc. | 1977 |
| 300 ## - PHYSICAL DESCRIPTION | |
| Extent | 284 s. ; |
| Dimensions | příč. 8° |
| 490 1# - SERIES STATEMENT | |
| Series statement | Rastlinná výroba. Milovníci prírody |
| 500 ## - GENERAL NOTE | |
| General note | Barev. fot. příl. |
| 700 1# - ADDED ENTRY--PERSONAL NAME | |
| Personal name | Klimeš, Josef |
| Relationship | aut |
| 700 1# - ADDED ENTRY--PERSONAL NAME | |
| Personal name | Jaša, Bohumil, |
| Dates associated with a name | 1925- |
| Relationship | aut |
| 830 #0 - SERIES ADDED ENTRY--UNIFORM TITLE | |
| Uniform title | Rastlinná výroba. |
| Name of part/section of a work | Milovníci prírody |
| 910 ## - USER-OPTION DATA (OCLC) | |
| User-option data | ABA001 |
| 942 ## - ADDED ENTRY ELEMENTS (KOHA) | |
| Source of classification or shelving scheme | Dewey Decimal Classification |
| Koha item type | Odborná literatúra pre dospelých |
| Suppress in OPAC | No |
| Stav vyradenia | Strata | Poškodenie | Spôsob nadobudnutia | Domovská knižnica | Aktuálna knižnica | Dátum nadobudnutia | Total checkouts | Čiarový kód exemplára | Date last seen | Typ exemplára |
|---|---|---|---|---|---|---|---|---|---|---|
| Dar | Obecná knižnica Horná Štubňa | Obecná knižnica Horná Štubňa | 20.01.2026 | 4736200264 | 20.01.2026 | Odborná literatúra pre dospelých |
